[Event "Porto Alegre Metropole-ch"]
[Site "Porto Alegre"]
[Date "2018.12.02"]
[Round "5"]
[White "Da Silveira, Robson Gustavo M"]
[Black "Dornelles, Marcio Neron Camarg"]
[Result "1-0"]
[WhiteElo "1760"]
[BlackElo "1959"]
[PlyCount "71"]
[EventDate "2018.11.30"]
[EventType "swiss"]
[EventRounds "5"]
[EventCountry "BRA"]
[SourceTitle "CBM 187 Extra"]
[Source "ChessBase"]
[SourceDate "2018.11.04"]
[SourceVersion "1"]
[SourceVersionDate "2018.11.04"]
[SourceQuality "1"]

1. e4 e6 2. d4 d5 3. exd5 exd5 4. Nf3 Bd6 5. Bd3 Nc6 6. 0-0 Bg4 7. c3 Qd7 8. Nbd2 0-0-0 9. Qc2 Nge7 10. b4 Rde8 11. a4 Bf5 12. Nb3 Bxd3 13. Qxd3 Ng6 14. Nc5 Bxc5 15. dxc5 Nce5 16. Nxe5 Nxe5 17. Qd4 Re6 18. Bf4 Rhe8 19. b5 c6 20. Rfd1 g5 21. Bg3 f5 22. f4 Nc4 23. fxg5 Re4 24. Qf2 f4 25. bxc6 Qxc6 26. Bxf4 Re2 27. Qd4 R2e4 28. Qf2 Re2 29. Qf3 Qxc5+ 30. Kh1 Nb6 31. h3 a5 32. Rab1 Nd7 33. c4 Rf2 34. Qg4 d4 35. Rxb7 Qe7 36. Rb8# 1-0

[Event "Porto Alegre op"]
[Site "Porto Alegre"]
[Date "2017.11.25"]
[Round "2"]
[White "Da Silveira, Robson Gustavo M"]
[Black "Gomes, Homero Araujo"]
[Result "1-0"]
[WhiteElo "1724"]
[BlackElo "1603"]
[PlyCount "68"]
[EventDate "2017.11.24"]
[EventType "swiss"]
[EventRounds "5"]
[EventCountry "BRA"]
[SourceTitle "CBM 181 Extra"]
[Source "ChessBase"]
[SourceDate "2017.12.12"]
[SourceVersion "1"]
[SourceVersionDate "2017.12.12"]
[SourceQuality "1"]

1. e4 c5 2. Nf3 Nc6 3. d4 cxd4 4. Nxd4 a6 5. Nc3 e6 6. a3 d6 7. Be3 Qc7 8. Qd2 h6 9. Be2 Nf6 10. f3 Be7 11. 0-0-0 b5 12. g4 Na5 13. h4 Nc4 14. Ndxb5 axb5 15. Nxb5 Qc6 16. Bxc4 Qxc4 17. Nxd6+ Bxd6 18. Qxd6 Nd7 19. g5 h5 20. g6 Rf8 21. gxf7+ Rxf7 22. Rhg1 Ra6 23. Qg3 Rc6 24. c3 Nc5 25. Bg5 Nd3+ 26. Kb1 Rb7 27. Rd2 Qb3 28. Bf6 Rxc3 29. Qg6+ Kd7 30. Bxc3 Qxc3 31. Qf7+ Kd6 32. Qxb7 Qxd2 33. Qb8+ Ke7 34. Qc7+ Kf6 1-0

[Event "Porto Alegre op"]
[Site "Porto Alegre"]
[Date "2017.11.24"]
[Round "1"]
[White "Perdomo, Leandro Daniel"]
[Black "Da Silveira, Robson Gustavo M"]
[Result "1-0"]
[WhiteElo "2452"]
[BlackElo "1724"]
[PlyCount "85"]
[EventDate "2017.11.24"]
[EventType "swiss"]
[EventRounds "5"]
[EventCountry "BRA"]
[SourceTitle "CBM 181 Extra"]
[Source "ChessBase"]
[SourceDate "2017.12.12"]
[SourceVersion "1"]
[SourceVersionDate "2017.12.12"]
[SourceQuality "1"]

1. d4 Nf6 2. c4 g6 3. Nc3 Bg7 4. e4 d6 5. f3 0-0 6. Be3 e5 7. Nge2 Nc6 8. d5 Ne7 9. g4 Bxg4 10. fxg4 Nxg4 11. Bg5 f6 12. Bh3 Nf2 13. Be6+ Kh8 14. Kxf2 fxg5+ 15. Kg2 Ng8 16. Rf1 Nf6 17. Ng3 h5 18. Qd2 h4 19. Qxg5 hxg3 20. hxg3 Nh7 21. Qxg6 Rf6 22. Qg4 Qe7 23. Rxf6 Qxf6 24. Rf1 Qh6 25. Rh1 Qd2+ 26. Qe2 Qxe2+ 27. Nxe2 Rf8 28. Bf5 Rxf5 29. exf5 e4 30. Nf4 Bxb2 31. Ne6 Kg8 32. Rb1 Bc3 33. Rxb7 e3 34. Kf3 Be1 35. Kxe3 Bxg3 36. Rxc7 Be5 37. Rxa7 Nf6 38. Ra8+ Kf7 39. a4 Nh5 40. a5 Ng3 41. Rf8+ Ke7 42. a6 Nf1+ 43. Kd3 1-0

[Event "Porto Alegre Oncosinos op"]
[Site "Porto Alegre"]
[Date "2016.11.27"]
[Round "4"]
[White "Da Silveira, Robson Gustavo M"]
[Black "Liesenfeld, Marcelo Leonardo"]
[Result "1-0"]
[WhiteElo "1727"]
[BlackElo "1763"]
[PlyCount "79"]
[EventDate "2016.11.25"]
[EventType "swiss"]
[EventRounds "5"]
[EventCountry "BRA"]
[SourceTitle "CBM 175 Extra"]
[Source "ChessBase"]
[SourceDate "2016.12.12"]
[SourceVersion "1"]
[SourceVersionDate "2016.12.12"]
[SourceQuality "1"]

1. e4 e5 2. Nc3 Nf6 3. f4 exf4 4. e5 Ng8 5. Nf3 d6 6. Qe2 Be6 7. d4 c6 8. Bxf4 d5 9. Ng5 Qb6 10. Nxe6 fxe6 11. 0-0-0 Nd7 12. Qg4 Kf7 13. Be2 h6 14. Rhf1 Ke7 15. Qh4+ g5 16. Bxg5+ hxg5 17. Qxh8 Bh6 18. Qh7+ Kd8 19. Qxg8+ Kc7 20. Qxe6 Bf8 21. Rf7 Rd8 22. Bg4 Kb8 23. Rxd7 Bb4 24. Rxd8+ Qxd8 25. Qd7 Qf8 26. Qf5 Qg8 27. Rf1 a6 28. a3 Bxa3 29. bxa3 Ka7 30. e6 Qe8 31. Qe5 Qe7 32. Kb2 Qd8 33. e7 Qb6+ 34. Ka2 Qa5 35. e8Q Qxc3 36. Q8b8+ Kb6 37. Qec7+ Kb5 38. Qbxb7+ Ka4 39. Qxa6+ Qa5 40. Qaxa5# 1-0

[Event "Porto Alegre Oncosinos op"]
[Site "Porto Alegre"]
[Date "2016.11.27"]
[Round "5"]
[White "Da Silveira, Robson Gustavo M"]
[Black "Teles, Lucas Marquetotti"]
[Result "0-1"]
[WhiteElo "1727"]
[BlackElo "1800"]
[PlyCount "60"]
[EventDate "2016.11.25"]
[EventType "swiss"]
[EventRounds "5"]
[EventCountry "BRA"]
[SourceTitle "CBM 175 Extra"]
[Source "ChessBase"]
[SourceDate "2016.12.12"]
[SourceVersion "1"]
[SourceVersionDate "2016.12.12"]
[SourceQuality "1"]

1. e4 g6 2. d4 Bg7 3. f4 e6 4. Nf3 Ne7 5. Nc3 0-0 6. Be3 d5 7. e5 b6 8. Bd3 Ba6 9. h4 Bxd3 10. Qxd3 h5 11. Rg1 Nf5 12. Bf2 Nh6 13. Nh2 f5 14. exf6 Qxf6 15. g3 Nc6 16. 0-0-0 a6 17. g4 Qxf4+ 18. Be3 Qxh2 19. Qxg6 Nxg4 20. Rxg4 hxg4 21. h5 Rf6 22. Qxg4 Kf7 23. Rg1 Bh8 24. Bg5 Rg8 25. Nxd5 exd5 26. Qd7+ Ne7 27. Re1 Qd6 28. Qg4 Rxg5 29. Qxg5 Qf4+ 30. Qxf4 Rxf4 0-1

[Event "Porto Alegre Oncosinos op"]
[Site "Porto Alegre"]
[Date "2016.11.26"]
[Round "2"]
[White "Da Silveira, Robson Gustavo M"]
[Black "Pinto, Jaer Morais"]
[Result "0-1"]
[WhiteElo "1727"]
[BlackElo "1803"]
[PlyCount "94"]
[EventDate "2016.11.25"]
[EventType "swiss"]
[EventRounds "5"]
[EventCountry "BRA"]
[SourceTitle "CBM 175 Extra"]
[Source "ChessBase"]
[SourceDate "2016.12.12"]
[SourceVersion "1"]
[SourceVersionDate "2016.12.12"]
[SourceQuality "1"]

1. e4 c6 2. d4 d5 3. exd5 cxd5 4. c4 Nf6 5. Nc3 Nc6 6. Bg5 e6 7. cxd5 exd5 8. Bb5 Be6 9. Nf3 Be7 10. Qa4 Qb6 11. Ne5 Rc8 12. 0-0 0-0 13. Bxc6 bxc6 14. b3 h6 15. Bh4 a5 16. f4 Rfd8 17. f5 Bd7 18. Bxf6 Bxf6 19. Nxd5 cxd5 20. Nxd7 Qxd4+ 21. Kh1 Qxa4 22. Nxf6+ gxf6 23. bxa4 d4 24. Rac1 Rb8 25. h3 Rb4 26. Rfe1 d3 27. Red1 Rb2 28. Rc3 d2 29. Re3 Rc2 30. Rf3 Rxa2 31. Rf2 Rc2 32. Kh2 h5 33. Kg3 Kg7 34. Kf3 Ra2 35. Ke3 Re8+ 36. Kd3 Rxa4 37. Rdxd2 Rd8+ 38. Kc3 Rxd2 39. Rxd2 h4 40. Kb3 Rf4 41. Rd5 Rf2 42. Rxa5 Rxg2 43. Rc5 Kh6 44. Rc7 Kg5 45. Rxf7 Kxf5 46. Kc4 Rg3 47. Kd4 Rxh3 0-1

[Event "Porto Alegre Oncosinos op"]
[Site "Porto Alegre"]
[Date "2016.11.26"]
[Round "3"]
[White "Kuciak, Alexandre"]
[Black "Da Silveira, Robson Gustavo M"]
[Result "1-0"]
[WhiteElo "1659"]
[BlackElo "1727"]
[PlyCount "55"]
[EventDate "2016.11.25"]
[EventType "swiss"]
[EventRounds "5"]
[EventCountry "BRA"]
[SourceTitle "CBM 175 Extra"]
[Source "ChessBase"]
[SourceDate "2016.12.12"]
[SourceVersion "1"]
[SourceVersionDate "2016.12.12"]
[SourceQuality "1"]

1. e4 c5 2. Nf3 d6 3. d4 cxd4 4. Nxd4 Nf6 5. Nc3 g6 6. f3 Bg7 7. Be3 Nc6 8. Qd2 Nxd4 9. Bxd4 0-0 10. 0-0-0 Be6 11. Be3 Qa5 12. Kb1 Rfc8 13. Nd5 Qa4 14. Nxe7+ Kf8 15. Nd5 Nxd5 16. exd5 Bf5 17. Bd3 Rc3 18. bxc3 Qa3 19. Bh6 Bxd3 20. Bxg7+ Kxg7 21. Qxd3 Rc8 22. Qd4+ Kg8 23. Qb4 Qa6 24. Rd4 Rc5 25. Qb3 Qe2 26. c4 Qf2 27. Qc3 b5 28. Re4 1-0

[Event "Porto Alegre IRT U2200 2nd"]
[Site "Porto Alegre"]
[Date "2016.09.03"]
[Round "1.10"]
[White "Borba da Rosa, Rodrigo"]
[Black "Da Silveira, Robson Gustavo M"]
[Result "0-1"]
[WhiteElo "1760"]
[BlackElo "1761"]
[PlyCount "54"]
[EventDate "2016.09.03"]
[EventType "swiss"]
[EventRounds "5"]
[EventCountry "BRA"]
[SourceTitle "EXT 2022"]
[Source "ChessBase"]
[SourceDate "2021.10.06"]
[SourceVersion "1"]
[SourceVersionDate "2021.10.06"]
[SourceQuality "1"]

1. c4 d5 2. d4 e6 3. a3 b6 4. Nc3 Bb7 5. cxd5 exd5 6. Nf3 Nf6 7. Bg5 Be7 8. Bxf6 Bxf6 9. e3 0-0 10. Bd3 Nd7 11. b4 a5 12. b5 Re8 13. a4 Nc5 14. Rc1 Nxd3+ 15. Qxd3 Qd6 16. 0-0 Rac8 17. Rc2 c5 18. bxc6 Rxc6 19. Rfc1 Rec8 20. Ne1 Qc7 21. Nxd5 Rxc2 22. Nxc7 Rxc1 23. Kf1 R8xc7 24. Ke2 Bd5 25. Kd2 Be7 26. Qc2 R1xc2+ 27. Nxc2 Bb4+ 0-1

[Event "Porto Alegre IRT U2200 2nd"]
[Site "Porto Alegre"]
[Date "2016.09.03"]
[Round "2.1"]
[White "Da Silveira, Robson Gustavo M"]
[Black "Gazola, Andre Augusto"]
[Result "0-1"]
[WhiteElo "1761"]
[BlackElo "2017"]
[PlyCount "80"]
[EventDate "2016.09.03"]
[EventType "swiss"]
[EventRounds "5"]
[EventCountry "BRA"]
[SourceTitle "EXT 2022"]
[Source "ChessBase"]
[SourceDate "2021.10.06"]
[SourceVersion "1"]
[SourceVersionDate "2021.10.06"]
[SourceQuality "1"]

1. e4 c5 2. Nf3 d6 3. d4 cxd4 4. Nxd4 Nf6 5. Nc3 a6 6. Be3 e5 7. Nb3 Be7 8. f3 Be6 9. Qd2 0-0 10. 0-0-0 a5 11. a4 Nc6 12. Bb5 Nb4 13. Kb1 Qc7 14. g4 Rfc8 15. g5 Nd7 16. h4 Qb8 17. h5 d5 18. exd5 Bf5 19. Bxd7 Bxc2+ 20. Ka1 Bxb3 21. Bxc8 Qxc8 22. Rc1 Qd7 23. g6 Rc8 24. h6 fxg6 25. hxg7 Rxc3 26. bxc3 Qxa4+ 27. Kb1 Ba2+ 28. Kb2 Nxd5 29. c4 Qa3+ 30. Ka1 Bb3+ 31. Kb1 Nxe3 32. Qb2 Qxb2+ 33. Kxb2 a4 34. c5 Nc4+ 35. Kc3 Bxc5 36. Kd3 b5 37. Rb1 Kxg7 38. Rbc1 Ba3 39. Rc3 Bb2 40. Rxb3 axb3 0-1

[Event "Porto Alegre Oncosinos op"]
[Site "Porto Alegre"]
[Date "2015.09.05"]
[Round "2"]
[White "Da Silveira, Robson Gustavo M"]
[Black "Pimenta, Elisandro da Silva"]
[Result "1/2-1/2"]
[WhiteElo "1790"]
[BlackElo "1787"]
[PlyCount "87"]
[EventDate "2015.09.04"]
[EventType "swiss"]
[EventRounds "7"]
[EventCountry "BRA"]
[SourceTitle "EXT 2016"]
[Source "ChessBase"]
[SourceDate "2015.10.08"]
[SourceVersion "1"]
[SourceVersionDate "2015.10.08"]
[SourceQuality "1"]

1. e4 d6 2. d4 Nf6 3. Nc3 g6 4. Nf3 Bg7 5. Bg5 0-0 6. Be2 Na6 7. Qd2 c5 8. 0-0-0 Qa5 9. a3 Bd7 10. Bxf6 Bxf6 11. Nd5 Qxd2+ 12. Rxd2 Bg7 13. Bxa6 bxa6 14. dxc5 Kh8 15. cxd6 exd6 16. Ne3 Rab8 17. Rxd6 Bxb2+ 18. Kd2 Bb5 19. c4 Bxa3 20. Rd3 Bb4+ 21. Ke2 Bc6 22. Nd2 Bxd2 23. Rxd2 Bxe4 24. Rhd1 Bc6 25. Rd6 Rb6 26. c5 Bb5+ 27. Ke1 Rxd6 28. cxd6 Rd8 29. Rd4 Kg7 30. Kd2 Kf6 31. g4 Ke6 32. h4 Rxd6 33. Rxd6+ Kxd6 34. f4 f6 35. h5 a5 36. hxg6 hxg6 37. g5 fxg5 38. fxg5 Ke5 39. Ng2 Kf5 40. Nh4+ Kxg5 41. Nxg6 Kxg6 42. Kc2 Kf5 43. Kb2 Ke4 44. Ka1 1/2-1/2

[Event "Porto Alegre Oncosinos op"]
[Site "Porto Alegre"]
[Date "2015.09.04"]
[Round "1"]
[White "Da Silveira, Robson Gustavo M"]
[Black "Da Luz, Paulo Lopes"]
[Result "1-0"]
[WhiteElo "1790"]
[BlackElo "1786"]
[PlyCount "45"]
[EventDate "2015.09.04"]
[EventType "swiss"]
[EventRounds "7"]
[EventCountry "BRA"]
[SourceTitle "EXT 2016"]
[Source "ChessBase"]
[SourceDate "2015.10.08"]
[SourceVersion "1"]
[SourceVersionDate "2015.10.08"]
[SourceQuality "1"]

1. e4 e5 2. Nc3 Nf6 3. f4 d6 4. Nf3 Nc6 5. Bb5 Bd7 6. d4 exd4 7. Nxd4 Be7 8. Be3 0-0 9. Qd2 a6 10. Be2 b5 11. Bf3 Na5 12. e5 Nc4 13. Qe2 dxe5 14. fxe5 Re8 15. 0-0-0 Bc5 16. Bxa8 Qxa8 17. Nf5 Bxf5 18. Bxc5 Rxe5 19. Qf2 Bg6 20. Bd4 Rf5 21. Qg3 c5 22. Bxf6 Rxf6 23. Qc7 1-0

[Event "Porto Alegre Oncolinos op"]
[Site "Porto Alegre"]
[Date "2013.11.16"]
[Round "4"]
[White "Togni, Everton Batista"]
[Black "Da Silveira, Robson Gustavo M"]
[Result "1-0"]
[WhiteElo "1845"]
[BlackElo "1800"]
[PlyCount "127"]
[EventDate "2013.11.14"]
[EventType "swiss"]
[EventRounds "7"]
[EventCountry "BRA"]
[SourceTitle "EXT 2015"]
[Source "ChessBase"]
[SourceDate "2014.11.20"]
[SourceVersion "1"]
[SourceVersionDate "2014.11.20"]
[SourceQuality "1"]

1. e4 c5 2. b4 cxb4 3. a3 bxa3 4. Bxa3 d6 5. Bc4 Nf6 6. Nc3 g6 7. Nf3 Bg7 8. Qe2 0-0 9. 0-0 Nc6 10. h3 Bd7 11. Rab1 b6 12. e5 Nxe5 13. Nxe5 dxe5 14. Qxe5 Re8 15. Rfe1 e6 16. Nb5 Bxb5 17. Bxb5 Nd7 18. Qd6 Nc5 19. Bxc5 bxc5 20. Qxc5 Re7 21. c3 Rc7 22. Qe3 Qd6 23. Ra1 Qc5 24. Reb1 a5 25. Ra4 h5 26. Qf4 Qe5 27. Qf3 Qd5 28. Qxd5 exd5 29. Rba1 d4 30. cxd4 Rd8 31. Rxa5 Rxd4 32. Ra8+ Kh7 33. R8a7 Rc5 34. Rxf7 Rxb5 35. Raa7 Rb1+ 36. Kh2 Rxd2 37. Rxg7+ Kh8 38. Rxg6 Rxf2 39. Rh6+ Kg8 40. Rxh5 Rf7 41. Rxf7 Kxf7 42. Rg5 Kf6 43. h4 Rb4 44. Kh3 Rb3+ 45. Kg4 Rb4+ 46. Kh5 Rb8 47. Rg6+ Kf7 48. g4 Rh8+ 49. Rh6 Rd8 50. g5 Kg7 51. Ra6 Rh8+ 52. Kg4 Rb8 53. Ra4 Rb1 54. Ra7+ Kh8 55. Kh5 Rb5 56. Kh6 Rb8 57. g6 Kg8 58. h5 Rc8 59. Ra5 Kh8 60. Kg5 Kg8 61. h6 Kh8 62. h7 Kg7 63. Ra7+ Kh8 64. Kh6 1-0

[Event "Porto Alegre Oncolinos op"]
[Site "Porto Alegre"]
[Date "2013.11.15"]
[Round "3"]
[White "Da Silveira, Robson Gustavo M"]
[Black "Bueno, Jair Cardona"]
[Result "1/2-1/2"]
[WhiteElo "1800"]
[BlackElo "1918"]
[PlyCount "53"]
[EventDate "2013.11.14"]
[EventType "swiss"]
[EventRounds "7"]
[EventCountry "BRA"]
[SourceTitle "EXT 2015"]
[Source "ChessBase"]
[SourceDate "2014.11.20"]
[SourceVersion "1"]
[SourceVersionDate "2014.11.20"]
[SourceQuality "1"]

1. e4 e5 2. Nc3 Nf6 3. f4 d6 4. Nf3 Nbd7 5. Bc4 Be7 6. d3 c6 7. fxe5 Nxe5 8. Nxe5 dxe5 9. Be3 0-0 10. h3 Qd6 11. Qf3 Be6 12. Bxe6 Qxe6 13. 0-0 Nd7 14. Ne2 Bc5 15. Bxc5 Nxc5 16. Ng3 b5 17. Nf5 f6 18. Qg4 Qd7 19. b4 Ne6 20. Kh1 Rad8 21. Ne3 Nd4 22. Qxd7 Rxd7 23. a4 Rc8 24. Rf2 Kf7 25. axb5 cxb5 26. Rd2 Rc6 27. Nd5 1/2-1/2